Statistiques concernant Pays en A

Cliquez ici pour prendre le quiz!

Statistiques générales

  • Ce quiz a été pris 576 fois
  • Le résultat moyen est 11 sur 14

Statistiques - réponses

Pays% Correct
Albanie
88%
Arménie
88%
Algérie
85%
Allemagne
84%
Australie
83%
Afghanistan
76%
Andorre
76%
Angola
75%
Argentine
74%
Azerbaïdjan
74%
Autriche
73%
Afrique du Sud
66%
Arabie saoudite
66%
Antigua-et-Barbuda
55%

Distribution des résultats

Percentile par nombre de réponses

% des personnes avec chaque résultat

Votre développement - résultats

Vous n’avez pas pris ce quiz